LEADER 01449nam a2200337 a 4500 001 000000132500 003 CaOOAMICUS 005 20130201171246.0 008 130201s2012 it o u001 u ita r 020 $a978-88-459-2724-9 040 $aPUL$bita 041 1 $aita$hger 082 04$a940.53 100 1 $aHillesum, Etty,$d1914-1943.$0(OLS)http://pul/name/72019 240 10$aEtty. De nagelaten geschriften van Etty Hillesum. 1941-1943.$lItaliano.$0(OLS)http://pul/title/167406 245 10$aDiario :$b1941-1943 /$cEtty Hillesum ; edizione integrale a cura di Jan G. Gaarlandt. 260 $aMilano :$bAdelphi,$c2012. 300 $a922, [16] p. :$fotogr. ;$c22 cm. 490 1 $aLa collana dei casi ;$v92 650 4$aEbrei$xStoria$ySec XX.$0(OLS)http://pul/subject/38136 650 4$aOlocausto.$0(OLS)http://pul/subject/25039 700 1 $aGaarlandt, Jan G.$0(OLS)http://pul/name/72021 830 3$aLa collana dei casi ;$v92.$0(OLS)http://pul/title/167408 850 $aPUL 852 $aPUL$W1$xSL Cons. Gen., Altre Classi 3$y75$m940. 53 HILET 1$j152475$qDDC 21$B151825$CPULBib$Z2$F151825 $H121529 $82 941 1 $a9 996 $6020$a978-88-459-2724-9$9(OLS)http://pul/number/151664 996 $6082$a940.53$9(OLS)http://pul/classification/1998 996 $6245$aDiario :$b1941-1943$9(OLS)http://pul/title/167407 996 $6260$aMilano :$bAdelphi$9(OLS)http://pul/publisher/51018 LEADER 01158nam a2200277 a 4500 001 000000141027 003 CaOOAMICUS 005 20141218162118.0 008 141218s1974 it u000 u ita r 040 $aPUL$bita 100 1 $aPuddu, Raffaele.$0(OLS)http://pul/name/45994 245 10$aEserciti e monarchie nazionali nei secoli XV-XVI /$cRaffaele Puddu. 260 $aFirenze :$bLa Nuova Italia,$cİ1975. 300 $a150 p.$c21 cm 490 1 $aStrumenti (Nova Italia) 504 $aBibliografia in nota. 650 4$aMonarchia$xStoria$ysec. IX-XV.$0(OLS)http://pul/subject/16009 651 4$aEuropa$xStoria$ySec. XV-XVI.$0(OLS)http://pul/subject/24253 830 0$aStrumenti (La Nuova Italia editrice) ;$v28.$0(OLS)http://pul/title/76522 850 $aPUL 852 $aPUL$W1$xDP1 Fondo Capitani$y116$m1 B 37$j41710$qFondi$B162462$CPULBib$Z2$F162462 $HCap2150 $82 941 1 $a1 961 $aNota ms. di possesso : Capitani. 996 $6245$aEserciti e monarchie nazionali nei secoli XV-XVI$9(OLS)http://pul/title/178483 996 $6260$aFirenze :$bLa Nuova Italia$9(OLS)http://pul/publisher/48361